000 00740nam a2200181 i 4500
001 148606
003 ES-MaACL
005 20250814052159.0
007 t|
008 070214q1951 sp r ||||1| spa d
100 1 _aStubbings, G. W.
_9108487
245 1 0 _aManejo y entretenimiento de los motores eléctricos /
_cG. W. Stubbings ; versión castellana de la 3ª edición inglesa, ampliada con con capítulo sobre alternadores por... D. Eduardo Palanca M. Fortún.
260 _aMadrid [etc.] :
_bDossat,
_c[1951?] (
_eAlcalá de Henares :
_fTall. Penitenciarios)
300 _a6 h., 214 p. :
_bil. ;
_c22 cm.
650 7 _aMotores eléctricos
_2embne
_9153352
852 _aES-MaACL
_jD-9140
_bR.33429
999 _c148606
_d148606